Introduction to the theory of atomic spectra (Record no. 5572)

MARC details
000 -LEADER
fixed length control field 00609nam a2200205Ia 4500
003 - CONTROL NUMBER IDENTIFIER
control field IN-BaIIA
008 - FIXED-LENGTH DATA ELEMENTS--GENERAL INFORMATION
fixed length control field 211028s9999 xx 000 0 eng d
020 ## - INTERNATIONAL STANDARD BOOK NUMBER
International Standard Book Number 08-016166-9
040 ## - CATALOGING SOURCE
Transcribing agency IIA Library
080 ## - UNIVERSAL DECIMAL CLASSIFICATION NUMBER
Universal Decimal Classification number 539.18
Item number SOB
100 ## - MAIN ENTRY--PERSONAL NAME
Personal name Sobel'Man, I. I.
9 (RLIN) 9684
245 #0 - TITLE STATEMENT
Title Introduction to the theory of atomic spectra
Statement of responsibility, etc. I. I. Sobel'Man
260 ## - PUBLICATION, DISTRIBUTION, ETC.
Place of publication, distribution, etc. Oxford
Name of publisher, distributor, etc. Pergamon Press
Date of publication, distribution, etc. 1972
300 ## - PHYSICAL DESCRIPTION
Extent xvi, 609p.
650 ## - SUBJECT ADDED ENTRY--TOPICAL TERM
Topical term or geographic name entry element Atomic physics
9 (RLIN) 1547
650 ## - SUBJECT ADDED ENTRY--TOPICAL TERM
Topical term or geographic name entry element Atomic spectra
9 (RLIN) 1533
650 ## - SUBJECT ADDED ENTRY--TOPICAL TERM
Topical term or geographic name entry element Atomic structure
9 (RLIN) 1534
650 ## - SUBJECT ADDED ENTRY--TOPICAL TERM
Topical term or geographic name entry element NASA thesaurus
942 ## - ADDED ENTRY ELEMENTS (KOHA)
Koha item type Books
952 ## - LOCATION AND ITEM INFORMATION (KOHA)
-- 45.00
Holdings
Withdrawn status Lost status Damaged status Not for loan Home library Current library Shelving location Date acquired Total Checkouts Full call number Barcode Date last seen Price effective from Koha item type
        IIA Library-Bangalore IIA Library-Bangalore General Stacks 30/09/1977   539.18/ SOB 6239 05/11/2021 30/09/1977 Books

Powered by Koha